000 00557nam a2200193Ia 4500
005 20250507130218.0
008 008 250505s9999 xx 000 0 eng d
037 _aSeries Article
040 _aEASL
_beng
_cEASL
041 _aeng
_2eng
084 _qEASL
100 _aLudden David
245 0 _aSpatial inequity and national territory:Remapping 1905 in Bengal and Assam
260 _aUK
_bCambridge Cambridge University Press UK
_c2012
300 _a483-526
650 _aAsian Studies
942 _cSRA
999 _c1318354
_d1318354